000 00683nam a22001695i 4500
001 161241
003 ES-MaACL
005 20230906212230.0
008 041014s1897 sp |||| | spa d
040 _aCAM
_bspa
_cCAM
100 1 _aPagés y Belloc, Francisco.
_988291
245 1 4 _aLos tiempos del verbo árabe /
_cpor Francisco Pagés y Belloc.
260 _aMadrid :
_bLibrería de Victoriano Suárez,
_c1897 (
_fSucesores de Rivadeneyra)
300 _a76, [2] p. ;
_c23 cm.
650 0 4 _aLengua árabe-
_xVerbo.
_9136378
852 _aES-MaACL
_jT-860-F-3
_z-- Enc. hol., conservando la cub. original
_z-- An. ms.: ded. del autor al Ateneo de Madrid
_z-- Enc. en un vol. facticio
999 _c161241
_d161241